000
00330nam a22001337a 4500
008
181031b xxu||||| |||| 00| 0 eng d
020
_a
9780721644448
041
_a
eng
080
_a
615.83
100
_a
8
101
_a
EKZ
245
_a
Assesment In Occupational Therapy And Physical Therapy
_c
Brunt.D
942
_2
udc
_c
BK
999
_c
51282
_d
51282